000 00444nam a22001577a 4500
005 20251108164946.0
008 250721s2001 xx 000 0 ara d
082 1 4 _a615.9/حمز
100 1 _aحمزة، لمياء
245 1 0 _aعلم السموم /
264 1 _aعمان :
_bدار يافا العلمية للنشر والتوزيع،
_c2001.
300 _a241ص.
650 1 7 _aعلم السموم
942 _2ddc
_cBK
999 _c18419
_d18419